1678 1390 1936 1059 1616 1847 1315 1446 1820 1780 1674 1205 1730 1905 1663 1626 1044 1533 1622 1496 1965 1916 1585 1957 1875 1824 1223 1410 1584 1935 1537 1587 1577 1562 1713 1435 1401 1958 1713 1391 1649 1135 1243 1827 1861 1073 1322 1980 1781 1096 1598 1170 1882 1986 1041 1181 1591 1563 1863 1661 1151 1120 1395 1371 1640 1670 1998 1237 1968 1474 1599 1700 1973 1023 1653 1558 1419 1276 1779 1992 1113 1657 1501 1992 1117 1478 1121 1907 1440 1930 1614 1896 1166 1849 1819 1363 1501 1044 1915 BCNSPRNW ULIB Ver.6.0+V

เปลี่ยนเป็นภาษาไทย

Change to English
 แสดงรายละเอียดบรรณานุกรม
  กลับหน้าหลัก

Brief Record : Get Marc (ISO 2709) : E-mail record : QR code < ปิดหน้าต่าง
LEADER : 00000nam 2200000uu 4500
001    13399112919
003     ULIB
008    110919s2553||||th 000 0 tha d
020    9786167081670
090    นว.^bด432ล 2553
100 0  ดาลัน
245 00 เล่ห์มาร/^cดาลัน
250    พิมพ์ครั้งที่ 1
260    กรุงเทพฯ :^bSMART BOOK,^c2553
300    453 หน้า
945    ^p290^l0^i16658
995    กัณชพร
999     ^aใช้งานได้ทุกระบบ
รายการนี้ยังไม่มีแท็ก
คุณยังไม่ได้ล็อกอิน คุณสามารถมีกิจกรรมร่วมกับเว็บไซต์ได้ แต่ต้องล็อกอินก่อน ::
  ล็อกอิน

รายการสื่อสารสนเทศ

ลำดับที่ ประเภท เลขเรียก/บาร์โค้ด สถานที่ สถานะ
1. นวนิยาย
นวนิยาย
นว. ด432ล 2553  
  Barcode: 16658
ห้องสมุดวิทยาเขตสวรรค์ประชารักษ์
►นวนิยาย
บนชั้น
  ขอยืม

BibComment


ยังไม่เคยถูกคอมเมนท์

คอมเมนท์ทรัพยากรรายการนี้
  คอมเมนท์: เล่ห์มาร ดาลัน


 Copyright 2026. Bcnsprnw @Library